书目信息 |
| 题名: |
工程项目可行性研究
|
|
| 作者: | 王立国 编著 | |
| 分册: | ||
| 出版信息: | 北京 人民邮电出版社 2002.8 |
|
| 页数: | 319页 | |
| 开本: | 23cm | |
| 丛书名: | ||
| 单 册: | ||
| 中图分类: | F282 | |
| 科图分类: | ||
| 主题词: | 基本建设经济 , 基本建设 , 基本建设经济学 , 基本建设优化学 | |
| 电子资源: | ||
| ISBN: | 7-115-10456-5 | |
| 000 | 00663nam0 2200229 45 | |
| 001 | 0333938970 | |
| 005 | 2003050509253862 | |
| 010 | @a7-115-10456-5@dRMB 33.00 | |
| 100 | @a20030505d2002 km y0chiy0120 ea | |
| 101 | 0 | @achi |
| 102 | @aCN@b110000 | |
| 200 | 1 | @a工程项目可行性研究@AGong Cheng Xiang Mu Ke Xing Xing Yan Jiu@f王立国等编著@Fwang li guo deng bian zhu |
| 210 | @a北京@c人民邮电出版社@d2002.8 | |
| 215 | @a319页@d23cm | |
| 606 | 0 | @a基本建设经济 |
| 606 | 0 | @a基本建设 |
| 606 | 0 | @a基本建设经济学 |
| 606 | 0 | @a基本建设优化学 |
| 690 | @aF282@v4 | |
| 701 | 0 | @a王立国@Awang li guo@4编著 |
| 801 | 0 | @aCN@bPFT@c20030505 |
| 905 | @a安徽大学@dF282@eW252 | |
| 工程项目可行性研究/王立国等编著.-北京:人民邮电出版社,2002.8 |
| 319页;23cm |
| ISBN 7-115-10456-5:RMB 33.00 |
| ● |
| 相关链接 |
|
|
|
正题名:工程项目可行性研究
索取号:F282/W252
 
预约/预借
| 序号 | 登录号 | 条形码 | 馆藏地/架位号 | 状态 | 备注 |
| 1 | 366705 | 203667059 | 社科库409/409社科库 100排4列2层/ [索取号:F282/W252] | 在馆 | |
| 2 | 366706 | 203667068 | 社科库409/409社科库 103排1列1层/ [索取号:F282/W252] | 在馆 |